[Event "GER-chT U12"]
[Site "Magdeburg"]
[Date "2015.12.29"]
[Round "5.2"]
[White "Schubert, Nikita"]
[Black "Wehner, Tobias"]
[Result "1-0"]
[WhiteElo "1347"]
[BlackElo "1296"]
[PlyCount "115"]
[EventDate "2015.12.27"]
[EventType "team-swiss"]
[EventRounds "7"]
[EventCountry "GER"]
[SourceTitle "EXT 2017"]
[Source "ChessBase"]
[SourceDate "2016.10.25"]
[SourceVersion "1"]
[SourceVersionDate "2016.10.25"]
[SourceQuality "1"]
[WhiteTeam "Gera"]
[BlackTeam "Dresden TU"]
[WhiteTeamCountry "GER"]
[BlackTeamCountry "GER"]

1. d4 d5 2. Nf3 Nc6 3. e3 e6 4. b3 Nf6 5. Bb2 Bd6 6. a3 Bd7 7. Bd3 Qe7 8. Ne5 a6 9. Nd2 g6 10. 0-0 Qd8 11. f4 Bf8 12. c4 b6 13. b4 a5 14. b5 Na7 15. a4 c6 16. bxc6 Nxc6 17. Nxc6 Bxc6 18. Ba3 Bxa3 19. Rxa3 Qe7 20. Qb3 Qb4 21. Ra2 Qxb3 22. Nxb3 0-0 23. Nd2 Ng4 24. Re1 Rab8 25. h3 Nf6 26. Rb1 Nd7 27. cxd5 Bxd5 28. Rab2 Bc6 29. Bc2 Rb7 30. Be4 Bxe4 31. Nxe4 Rfb8 32. Nd2 Kf8 33. Nb3 Ra7 34. Nc5 Nxc5 35. dxc5 Rab7 36. Rxb6 Rxb6 37. Rxb6 Rc8 38. Rb5 Ke8 39. Rxa5 Kd7 40. Kf2 Kc6 41. Ke2 Rd8 42. Kf3 h5 43. g4 h4 44. g5 Rd3 45. Ra7 Rd1 46. Kg4 Rd3 47. Rxf7 Rxe3 48. Rf6 Kxc5 49. Rxg6 Re4 50. Rf6 Kb4 51. g6 e5 52. g7 Re1 53. Kf5 Rg1 54. Rg6 e4 55. Rxg1 Kc3 56. Kxe4 Kd2 57. g8Q Ke2 58. Qg2# 1-0

[Event "GER-chT U10"]
[Site "Magdeburg"]
[Date "2013.12.28"]
[Round "1.4"]
[White "Hegemann, Erik"]
[Black "Wehner, Tobias"]
[Result "0-1"]
[WhiteElo "896"]
[BlackElo "992"]
[PlyCount "72"]
[EventDate "2013.12.27"]
[EventType "team-swiss"]
[EventRounds "5"]
[EventCountry "GER"]
[SourceTitle "EXT 2015"]
[Source "ChessBase"]
[SourceDate "2014.11.20"]
[SourceVersion "1"]
[SourceVersionDate "2014.11.20"]
[SourceQuality "1"]
[WhiteTeam "Raesfeld"]
[BlackTeam "Dresden"]
[WhiteTeamCountry "GER"]
[BlackTeamCountry "GER"]

1. e4 c5 2. Nf3 d6 3. Bc4 Nf6 4. Nc3 g6 5. 0-0 Bg7 6. d3 0-0 7. Bg5 Nc6 8. Nd5 Bg4 9. h3 Bh5 10. g4 Bxg4 11. hxg4 Nxg4 12. Bb5 Nf6 13. c3 a6 14. Bc4 b5 15. Bb3 Nxd5 16. Bxd5 Rc8 17. Bxc6 Rxc6 18. d4 Qd7 19. d5 Rcc8 20. Re1 Qg4+ 21. Kf1 e6 22. dxe6 fxe6 23. Re3 Rxf3 24. Rxf3 Qxg5 25. Qxd6 Qg4 26. Qf4 Qh5 27. Qf7+ Kh8 28. Rd3 Qh1+ 29. Ke2 Qxa1 30. Rd7 Qxb2+ 31. Kf3 Qxc3+ 32. Kf4 Qe5+ 33. Ke3 Rf8 34. Qe7 Qc3+ 35. Ke2 Qf3+ 36. Kf1 Qxf2# 0-1